<?xml version="1.0" encoding="UTF-8"?>
<record
    xmlns:xsi="http://www.w3.org/2001/XMLSchema-instance"
    xsi:schemaLocation="http://www.loc.gov/MARC21/slim http://www.loc.gov/standards/marcxml/schema/MARC21slim.xsd"
    xmlns="http://www.loc.gov/MARC21/slim">

  <leader>00810nam a22001697a 4500</leader>
  <datafield tag="082" ind1=" " ind2=" ">
    <subfield code="a">891.4390911</subfield>
    <subfield code="b">QAS</subfield>
  </datafield>
  <datafield tag="100" ind1=" " ind2=" ">
    <subfield code="a">Qasim, Ghafoor Shah</subfield>
  </datafield>
  <datafield tag="245" ind1=" " ind2=" ">
    <subfield code="a">Pakistani Adab ke Mimar: Mustansar Hussain Tarar &#x2014; Shakhsiyat aur Fun / </subfield>
    <subfield code="c">Ghafoor Shah Qasim.</subfield>
  </datafield>
  <datafield tag="260" ind1=" " ind2=" ">
    <subfield code="a">Islamabad: </subfield>
    <subfield code="b">Academy Adabiat Pakistan, </subfield>
    <subfield code="c">2018.</subfield>
  </datafield>
  <datafield tag="300" ind1=" " ind2=" ">
    <subfield code="a">240 pages; </subfield>
    <subfield code="c">21 cm</subfield>
  </datafield>
  <datafield tag="563" ind1=" " ind2=" ">
    <subfield code="a">PB</subfield>
  </datafield>
  <datafield tag="650" ind1=" " ind2=" ">
    <subfield code="a">Tarar, Mustansar Hussain, 1939&#x2013; &#x2014; Criticism and interpretation</subfield>
    <subfield code="9">129602</subfield>
  </datafield>
  <datafield tag="880" ind1=" " ind2=" ">
    <subfield code="6">100-01\(3\r</subfield>
    <subfield code="a">&#x688;&#x627;&#x6A9;&#x679;&#x631; &#x63A;&#x641;&#x648;&#x631; &#x634;&#x627;&#x6C1; &#x642;&#x627;&#x633;&#x645;</subfield>
  </datafield>
  <datafield tag="880" ind1=" " ind2=" ">
    <subfield code="6">245-02\(3\r</subfield>
    <subfield code="a">&#x67E;&#x627;&#x6A9;&#x633;&#x62A;&#x627;&#x646;&#x6CC; &#x627;&#x62F;&#x628; &#x6A9;&#x6D2; &#x645;&#x639;&#x645;&#x627;&#x631;: &#x645;&#x633;&#x62A;&#x646;&#x635;&#x631; &#x62D;&#x633;&#x6CC;&#x646; &#x62A;&#x627;&#x631;&#x691; &#x2014; &#x634;&#x62E;&#x635;&#x6CC;&#x62A; &#x627;&#x648;&#x631; &#x641;&#x646; / </subfield>
    <subfield code="b">&#x688;&#x627;&#x6A9;&#x679;&#x631; &#x63A;&#x641;&#x648;&#x631; &#x634;&#x627;&#x6C1; &#x642;&#x627;&#x633;&#x645;</subfield>
  </datafield>
  <datafield tag="880" ind1=" " ind2=" ">
    <subfield code="a">260-03\(3\r</subfield>
    <subfield code="b">&#x627;&#x633;&#x644;&#x627;&#x645; &#x622;&#x628;&#x627;&#x62F;:</subfield>
    <subfield code="c">&#x627;&#x6A9;&#x627;&#x62F;&#x645;&#x6CC; &#x627;&#x62F;&#x628;&#x6CC;&#x627;&#x62A; &#x67E;&#x627;&#x6A9;&#x633;&#x62A;&#x627;&#x646;,</subfield>
    <subfield code="6">2018.</subfield>
  </datafield>
  <datafield tag="942" ind1=" " ind2=" ">
    <subfield code="2">ddc</subfield>
    <subfield code="c">BK</subfield>
  </datafield>
  <datafield tag="999" ind1=" " ind2=" ">
    <subfield code="c">614214</subfield>
    <subfield code="d">614214</subfield>
  </datafield>
  <datafield tag="952" ind1=" " ind2=" ">
    <subfield code="0">0</subfield>
    <subfield code="1">0</subfield>
    <subfield code="2">ddc</subfield>
    <subfield code="4">0</subfield>
    <subfield code="6">891_439091100000000_QAS</subfield>
    <subfield code="7">0</subfield>
    <subfield code="9">641456</subfield>
    <subfield code="a">CL</subfield>
    <subfield code="b">CL</subfield>
    <subfield code="d">2025-07-10</subfield>
    <subfield code="l">0</subfield>
    <subfield code="o">891.4390911 QAS</subfield>
    <subfield code="p">CL-D-2845</subfield>
    <subfield code="r">2025-07-10</subfield>
    <subfield code="w">2025-07-10</subfield>
    <subfield code="y">BK</subfield>
  </datafield>
</record>
